000 00640nam a2200217Ii 4500
003 JO-AjNU
008 230606s9999||||xx |||||||||||||| ||und||
020 _a0-07-061633-7
040 _aJO-AjNU
_beng
_erda
_cJO-AjNU
041 _aeng
050 1 4 _aKF889.2007
100 3 _aPathak ،Akileshwar,
_eauthor
_9362
245 0 0 _aLegal Aspects of Business
250 _a2 ed
264 3 1 _aNEW DEIHI : Tata McGraw-Hill Publishing Company Limited ,2007
300 _a548p
336 _atext
_btxt
_2rdacontent
337 _aunmediated
_bn
_2rdamedia
338 _avolume
_bnc
_2rdacarrier
650 4 _aCommercial law -- aws and legislation
_9363
999 _aE192
_c192
_d192